| 000 -ლიდერი |
| ფიქსირებული სიგრძის საკონტროლო ველი |
01720nam a22001937a 4500 |
| 003 - საკონტროლო ნომრის იდენტიფიკატორი |
| საკონტროლო ველი |
Ge_BSU |
| 005 - ბოლო ოპერაციის თარიღი და დრო |
| საკონტროლო ველი |
20210609110836.0 |
| 008 - ფიქსირებული სიგრძის მონაცემთა ელემენტები - ზოგადი ინფორმაცია |
| ფიქსირებული სიგრძის საკონტროლო ველი |
210609s2021 ge ||||| |||| 00| 0 geo d |
| 041 ## - ენის კოდი |
| Language code of text/sound track or separate title |
geo |
| 080 ## - უნივერსალური ათობითი კლასიფიკაციის ინდექსი |
| Universal Decimal Classification number |
574 ტ-77 |
| 100 ## - მთავარი ჩანაწერი - პიროვნების სახელი |
| Personal name |
ტრეგუბოვი, ანდრეი |
| 9 (RLIN) |
11997 |
| 245 ## - ცნობა სათაურის შესახებ |
| Title |
შავი ზღვის საქართველოს სანაპირო ზოლის ორსაგდულიანი მოლუსკის - Anadara inaequivalvis (Bruguire, 1989) ბიოეკოლოგია /) |
| Statement of responsibility, etc |
ტრეგუბოვი ანდრეი; სამეცნიერო ხელმძღვანელი რევაზ ზოსიძე; ბათუმის შოთა რუსთაველის სახელმწიფო უნივერსიტეტი; საბუნებისმეტყველო მეცნიერებათა და ჯანდაცვის ფაკულტეტი. ბიოლოგიის დეპარტამენტი. |
| 264 ## - წარმოების, გამოცემის, დისტრიბუციის და სხვა ცნობები |
| გამოცემის, წარმოების, დისტრიბუციის... ადგილი |
ბათუმი, |
| გამოცემის, წარმოების, დისტრიბუციის... თარიღი |
2021 |
| 300 ## - ფიზიკური აღწერა |
| Extent |
122 გვ. |
| Other physical details |
ილ. |
| Dimensions |
30 სმ. |
| 504 ## - BIBLIOGRAPHY, ETC. NOTE |
| Bibliography, etc |
ბიბლიოგრ. გვ. 102-113 |
| 700 ## - ADDED ENTRY--PERSONAL NAME |
| Personal name |
ზოსიძე, რევაზ |
| Relator term |
სამეცნიერო ხელმძღვანელი |
| 9 (RLIN) |
11998 |
| 710 ## - ADDED ENTRY--CORPORATE NAME |
| Corporate name or jurisdiction name as entry element |
ბათუმის შოთა რუსთაველის სახელმწიფო უნივერსიტეტი |
| Subordinate unit |
საბუნებისმეტყველო მეცნიერებათა და ჯანდაცვის ფაკულტეტი. ბიოლოგიის დეპარტამენტი. |
| 9 (RLIN) |
10400 |
| 942 ## - ADDED ENTRY ELEMENTS (KOHA) |
| Source of classification or shelving scheme |
|
| Koha item type |
წიგნი |